00388 a2200145 4500003000400000005001700004008004100021020001800062040000900080082001500089100004000104245005800144260003200202300000800234OSt20231108140817.0231108b |||||||| |||| 00| 0 eng d a9789391938314 coclc a297bMUS/I aMusliyar, Karimbanakkal Kunhippokku aIrshaadul aamma /cKarimbanakkal Kunhippokku Musliyar aKerala:bUrwa Books,c2023. a63p